Catálogo
 En Linea

Historia militar de Santo Domingo : (Registro nro. 30073)

Detalles MARC
000 -CABECERA
campo de control de longitud fija 01302nam a2200277 i 4500
001 - NÚMERO DE CONTROL
campo de control 000030581
003 - IDENTIFICADOR DEL NÚMERO DE CONTROL
campo de control DO-SdBNP
005 - FECHA Y HORA DE LA ÚLTIMA TRANSACCIÓN
campo de control 20260202124200.0
007 - CAMPO FIJO DE DESCRIPCIÓN FÍSICA--INFORMACIÓN GENERAL
campo de control de longitud fija ta
008 - DATOS DE LONGITUD FIJA--INFORMACIÓN GENERAL
campo de control de longitud fija 110524s1953 dr 000 0 spa d
040 ## - FUENTE DE LA CATALOGACIÓN
Centro catalogador/agencia de origen DO-SdBNP
Lengua de catalogación spa
Centro/agencia transcriptor BNPHU
Normas de descripción rda
041 ## - CÓDIGO DE LENGUA
Código de lengua del texto/banda sonora o título independiente spa
082 #4 - NÚMERO DE LA CLASIFICACIÓN DECIMAL DEWEY
Número de clasificación 972.93
Número de documento/Ítem U92h
Número de edición 22
100 1# - ENTRADA PRINCIPAL--NOMBRE DE PERSONA
Nombre de persona Cipriano, Utrera de,
Fechas asociadas al nombre 1886-1958
Término indicativo de función/relación autor
Forma completa/desarrollada del nombre Fray Cipriano de Utrera
Código de función/relación aut.
9 (RLIN) 57183
245 10 - MENCIÓN DE TÍTULO
Título Historia militar de Santo Domingo :
Resto del título documentos y noticias /
Mención de responsabilidad, etc. Cipriano de Utrera.
264 #1 - PRODUCCIÓN, PUBLICACIÓN, DISTRIBUCIÓN, FABRICACIÓN Y COPYRIGHT
Producción, publicación, distribución, fabricación y copyright Ciudad Trujillo, República Dominicana :
Nombre del de productor, editor, distribuidor, fabricante Franciscana,
Fecha de producción, publicación, distribución, fabricación o copyright 1953.
300 ## - DESCRIPCIÓN FÍSICA
Extensión 3 volumenes ;
Dimensiones 19 cm.
336 ## - TIPO DE CONTENIDO
Término de tipo de contenido texto
Código de tipo de contenido txt
Fuente rdacontent
337 ## - TIPO DE MEDIO
Nombre/término del tipo de medio sin mediación
Código del tipo de medio n
Fuente rdamedia
338 ## - TIPO DE SOPORTE
Nombre/término del tipo de soporte volumen
Código del tipo de soporte nc
Fuente rdacarrier
500 ## - NOTA GENERAL
Nota general Fray Cipriano de Utrera (Capuchino). Comendador de la orden de Isabel la Católica individuo de número de academia dominicana de la historia, de las de Venezuela y Colombia, de la Antioqueña de Medellín y de The Academy of Franciscan History en Washington, y vocal de la comisión de honor del congreso de estudios hispanoamericanos del seminario de problemas hispanoamericanos de Madrid
590 ## - NOTA LOCAL (RLIN)
Nota local Inventariado, 2026/BT
651 #4 - PUNTO DE ACCESO ADICIONAL DE MATERIA--NOMBRE GEOGRÁFICO
Nombre geográfico República Dominicana
Subdivisión general Historia Militar
9 (RLIN) 2806
910 ## - DATOS DE OPCIÓN DEL USUARIO (OCLC)
Datos de opción del usuario Validado. Control de calidad MFF
942 ## - ELEMENTOS DE PUNTO DE ACCESO ADICIONAL (KOHA)
Fuente del sistema de clasificación o colocación Dewey Decimal Classification
Tipo de ítem Koha Libro
Existencias
Estado de retiro Estado de pérdida Fuente del sistema de clasificación o colocación Restricciones de uso No para préstamo Código de colección Localización permanente Ubicación/localización actual Ubicación en estantería Fecha de adquisición Total de préstamos Signatura topográfica completa Código de barras Fecha visto por última vez Número de copia Precio válido a partir de Tipo de ítem Koha Fuente de adquisición Nota pública
    Dewey Decimal Classification Excluido de préstamo   Patrimonio Dominicano Raros y Valiosos Biblioteca Nacional Pedro Henríquez Ureña Biblioteca Nacional Pedro Henríquez Ureña Depósito 10.02.2015   BNPHU PD-RV 972.93 U92h 30581-30 25.06.2020 v.3 25.06.2020 Libro    
    Dewey Decimal Classification Excluido de préstamo   Patrimonio Dominicano Raros y Valiosos Biblioteca Nacional Pedro Henríquez Ureña Biblioteca Nacional Pedro Henríquez Ureña Depósito 24.05.2011   BNPHU PD-RV 972.93 U92h 30581-10 25.06.2020 v.1 25.06.2020 Libro Donación Perteneció a la biblioteca personal de Juan Isidro Jimenes Grullón.
    Dewey Decimal Classification Excluido de préstamo   Patrimonio Dominicano Raros y Valiosos Biblioteca Nacional Pedro Henríquez Ureña Biblioteca Nacional Pedro Henríquez Ureña Depósito 10.02.2015   BNPHU PD-RV 972.93 U92h 30581-20 25.06.2020 v.2 25.06.2020 Libro    
    Dewey Decimal Classification Excluido de préstamo   Patrimonio Dominicano Raros y Valiosos Biblioteca Nacional Pedro Henríquez Ureña Biblioteca Nacional Pedro Henríquez Ureña Depósito 29.01.2026   BNPHU PD-RV 972.93 U92h 2026-0381 29.01.2026 v.2, e.2 29.01.2026 Libro Donado por la Presidencia de la República Dominicana 2023. Pertenecio a la biblioteca personal de Emilio Cordero Michel.
    Dewey Decimal Classification Préstamo en sala   Dominicana Referencia Raros y Valiosos Biblioteca Nacional Pedro Henríquez Ureña Biblioteca Nacional Pedro Henríquez Ureña Depósito 02.02.2026   BNPHU DS-RV 972.93 U92h 2026-0580 02.02.2026 v.2, e.3 02.02.2026 Libro Donado por la Presidencia de la República Dominicana 2023. Pertenecio a la biblioteca personal de Emilio Cordero Michel.
    Dewey Decimal Classification Excluido de préstamo   Patrimonio Dominicano Raros y Valiosos Biblioteca Nacional Pedro Henríquez Ureña Biblioteca Nacional Pedro Henríquez Ureña Depósito 02.02.2026   BNPHU PD-RV 972.93 U92h 2026-0581 02.02.2026 v.3, e.2 02.02.2026 Libro Donado por la Presidencia de la República Dominicana 2023.  

Con tecnología Koha